Music Quiz

Random Music or Lyrics Quiz

'Pinball Wizard' Lyrics Quiz Stats

 Plays Quiz Updated Dec 30, 2015

Challenge
Share
Tweet
Embed
Score 0/211 Timer 07:00
0 Plays Today
% Correct
a
98.3%
a
98.3%
a
98.3%
a
98.3%
a
98.3%
a
98.3%
A
98.3%
a
98.3%
a
98.3%
a
98.3%
pinball!
97.8%
pinball!
97.8%
pinball
97.8%
pinball
97.8%
pinball!
97.8%
pinball
97.8%
pinball!
97.8%
I've
95.5%
I
95.5%
I
95.5%
I
95.5%
I
95.5%
I
95.5%
I
95.5%
(I
95.4%
the
94.6%
the
94.6%
the
94.6%
the
94.6%
the
94.6%
the
94.6%
the
94.6%
He
93.8%
He
93.8%
he
93.8%
he
93.8%
he
93.8%
wizard,
91.6%
to
91.3%
to
91.3%
to
91.3%
and
89.2%
and
89.2%
and
89.2%
and
89.2%
and
89.2%
and
89.2%
you
88.6%
plays
87.6%
plays
87.6%
plays
87.6%
plays
87.6%
plays
87.6%
plays
87.6%
mean
87.4%
mean
87.4%
mean
87.4%
mean
87.4%
do
87.2%
be
86.8%
sure
86.3%
sure
86.3%
sure
86.3%
sure
86.3%
That
83%
That
83%
That
83%
That
83%
blind
82.9%
blind
82.9%
blind
82.9%
% Correct
blind
82.9%
kid
82.7%
kid
82.7%
kid
82.7%
kid
82.7%
so
82.5%
deaf,
82.3%
deaf,
82.3%
deaf,
82.3%
deaf,
82.3%
dumb,
82%
dumb,
82%
dumb,
82%
dumb,
82%
all.
81.7%
all
81.7%
He's
80.4%
He's
80.4%
have
80.1%
ball.
80%
was
80%
was
80%
him
79.2%
him
79.2%
him
79.2%
him.
79.2%
him
79.2%
him
79.2%
no
79.2%
no
79.2%
no
79.2%
played
78.9%
played
78.9%
in
78.7%
in,
78.7%
them
78.4%
see
77.9%
boy,
77.6%
it?
77.1%
From
75.9%
seen
75.4%
seen
75.4%
seen
75.4%
young
75.3%
silver
74%
Ever
73.9%
must
73.6%
does
73%
does
73%
since
72.6%
down
72.3%
like
71.9%
like
71.9%
don't
71.8%
Don't
71.8%
of
71.6%
of
71.6%
has
71.4%
can
71.1%
How
70.8%
got
70.6%
got
70.6%
got
70.6%
know!)
70.4%
But
68.6%
but
68.6%
Soho
67.9%
think
67.8%
any
67.6%
Brighton,
67.5%
ain't
66.4%
% Correct
Ain't
66.4%
never
66.3%
never
66.3%
hall.
65.7%
by
65.3%
by
65.3%
such
65%
What
65%
there
64.8%
nothing
63.6%
wrist.
63.4%
amusement
63%
hear
62%
can't
61.7%
bells.
61.2%
good?
59.9%
smell.
59.7%
sense
59.1%
makes
59.1%
supple
58.5%
my
58.4%
my
58.4%
my
58.4%
fall.
57.8%
fall.
57.8%
fall.
57.8%
just
57.4%
just
57.4%
twist.
52.7%
machine.
52%
distractions,
51.7%
best.
51.6%
always
51.5%
Always
51.5%
stands
51.4%
statue,
51%
lights
50.2%
on
48.7%
crown
47.4%
beat
46.9%
buzzers
45.6%
wizard's
45.6%
thought
45.3%
a-flashin'
44.1%
intuition,
44%
king,
44%
rest.
43.6%
table
42.9%
table,
42.9%
gets
42%
replay,
41.7%
His
41.5%
handed
41.3%
part
38.7%
clean.
37.4%
bumpers,
37.1%
becomes
36.3%
fingers,
36%
favorite
33%
lead
31.6%
crazy
31.4%
flipper
30.6%
disciples
30.5%
Even
29.9%
digit
29.6%
playing
29.2%
Feeling
29.2%
counters
26.8%
Bally
21.2%

You're not logged in!

Compare scores with friends on all Sporcle quizzes.
OR
Log In

You Might Also Like...

Show Comments

Extras

Top Quizzes Today


Score Distribution

Your Account Isn't Verified!

In order to create a playlist on Sporcle, you need to verify the email address you used during registration. Go to your Sporcle Settings to finish the process.

Report this User

Report this user for behavior that violates our Community Guidelines.

Details: